LEADER 03874oam 2200781I 450 001 9910462573803321 005 20200520144314.0 010 $a1-351-83235-2 010 $a1-315-21646-9 010 $a1-62870-718-6 010 $a1-4665-1138-9 024 7 $a10.1201/b13750 035 $a(CKB)2670000000327165 035 $a(EBL)1114021 035 $a(OCoLC)827209646 035 $a(SSID)ssj0000820663 035 $a(PQKBManifestationID)12371808 035 $a(PQKBTitleCode)TC0000820663 035 $a(PQKBWorkID)10881776 035 $a(PQKB)11450973 035 $a(MiAaPQ)EBC1114021 035 $a(CaSebORM)9781466511385 035 $a(MiAaPQ)EBC4009764 035 $a(Au-PeEL)EBL1114021 035 $a(CaPaEBR)ebr10648177 035 $a(CaONFJC)MIL692424 035 $a(OCoLC)859263966 035 $a(Au-PeEL)EBL4009764 035 $a(OCoLC)862121396 035 $a(EXLCZ)992670000000327165 100 $a20180331d2012 uy 0 101 0 $aeng 135 $aur|n|---||||| 181 $ctxt 182 $cc 183 $acr 200 10$aAdvanced DC/AC inverters $eapplications in renewable energy /$fFang Lin Luo, Hong Ye 205 $a1st edition 210 1$aBoca Raton, Fla. :$cCRC Press,$d2012. 215 $a1 online resource (319 p.) 225 0 $aPower electronics, electrical engineering, energy, and nanotechnology 300 $aDescription based upon print version of record. 311 $a1-322-61142-4 311 $a1-4665-1135-4 320 $aIncludes bibliographical references and index. 327 $aFront Cover; Contents; Preface; Authors; Chapter 1 - Introduction; Chapter 2 - Pulse Width-Modulated DC/AC Inverters; Chapter 3 - Voltage Source Inverters; Chapter 4 - Current Source Inverters; Chapter 5 - Impedance Source Inverters; Chapter 6 - Quasi-Impedance Source Inverters; Chapter 7 - Soft-Switching DC/AC Inverters; Chapter 8 - Multilevel DC/AC Inverters; Chapter 9 - Trinary Hybrid Multilevel Inverter (THMI); Chapter 10 - Laddered Multilevel DC/AC Inverters Used in Solar Panel Energy Systems; Chapter 11 - Super-Lift Converter Multilevel DC/AC Inverters Used in Solar Panel Energy Systems 327 $aChapter 12 - Switched-Capacitor Multilevel DC/AC Inverters in Solar Panel Energy SystemsChapter 13 - Switched Inductor Multilevel DC/AC Inverters Used in Solar Panel Energy Systems; Chapter 14 - Best Switching Angles to Obtain Lowest THD for Multilevel DC/AC Inverters; Chapter 15 - Design Examples for Wind Turbine and Solar Panel Energy Systems; Back Cover 330 $aRenewable energy systems require a large number of converters/inverters. Many new types of inverters have been created in recent decades, and these circuits will largely improve the power factor and increase the power efficiency for the future. This book covers advances DC/AC inverters that are both concise and useful for engineering students and practicing professionals. It uses 150 diagrams to introduce more than 100 topologies of the advanced inverters originally developed by the authors. The book includes more than 50 new circuits--$cProvided by publisher. 410 0$aPower electronics, electrical engineering, energy, and nanotechnology series. 606 $aElectric inverters 606 $aRenewable energy sources 606 $aSmall power production facilities 606 $aElectronic circuits 608 $aElectronic books. 615 0$aElectric inverters. 615 0$aRenewable energy sources. 615 0$aSmall power production facilities. 615 0$aElectronic circuits. 676 $a621.3815/322 700 $aLuo$b Fang Lin.$0917284 701 $aYe$b Hong$f1973-$0917285 801 0$bMiAaPQ 801 1$bMiAaPQ 801 2$bMiAaPQ 906 $aBOOK 912 $a9910462573803321 996 $aAdvanced DC$92451630 997 $aUNINA LEADER 02995nas 2200865-a 450 001 9910446746403321 005 20240116213021.0 011 $a1744-5809 035 $a(DE-599)ZDB2170842-3 035 $a(OCoLC)60616932 035 $a(CKB)110978977285666 035 $a(CONSER)--2013220322 035 $a(EXLCZ)99110978977285666 100 $a20050614a19839999 s-- a 101 0 $aeng 135 $aurun||||||||| 181 $ctxt$2rdacontent 182 $cc$2rdamedia 183 $acr$2rdacarrier 200 04$aThe British journal of visual impairment 210 $aLondon $cAssociation for the Education and Welfare of the Visually Handicapped 210 3 $aLondon $cSAGE 215 $a1 online resource 311 $a0264-6196 531 $aBRITISH JOURNAL OF VISUAL IMPAIRMENT 606 $aPeople with visual disabilities$vPeriodicals 606 $aBlind$vPeriodicals 606 $aPeople with visual disabilities$zGreat Britain$vPeriodicals 606 $aBlind$zGreat Britain$vPeriodicals 606 $aSpecial education 606 $aVision disorders 606 $aEducation, Special 606 $aVision Disorders 606 $aPersonnes handicapées visuelles$vPériodiques 606 $aPersonnes aveugles$vPériodiques 606 $aPersonnes handicapées visuelles$zGrande-Bretagne$vPériodiques 606 $aPersonnes aveugles$zGrande-Bretagne$vPériodiques 606 $aÉducation spéciale 606 $aTroubles de la vision 606 $aspecial education$2aat 606 $aVision disorders$2fast$3(OCoLC)fst01167881 606 $aSpecial education$2fast$3(OCoLC)fst01128842 606 $aBlind$2fast$3(OCoLC)fst00834291 606 $aPeople with visual disabilities$2fast$3(OCoLC)fst01057466 607 $aGreat Britain$2fast$1https://id.oclc.org/worldcat/entity/E39PBJdmp7p3cx8hpmJ8HvmTpP 608 $aPeriodical 608 $aperiodicals.$2aat 608 $aPeriodicals.$2fast 608 $aPeriodicals.$2lcgft 608 $aPériodiques.$2rvmgf 615 0$aPeople with visual disabilities 615 0$aBlind 615 0$aPeople with visual disabilities 615 0$aBlind 615 0$aSpecial education. 615 0$aVision disorders. 615 2$aEducation, Special 615 2$aVision Disorders 615 6$aPersonnes handicapées visuelles 615 6$aPersonnes aveugles 615 6$aPersonnes handicapées visuelles 615 6$aPersonnes aveugles 615 6$aÉducation spéciale. 615 6$aTroubles de la vision. 615 7$aspecial education. 615 7$aVision disorders. 615 7$aSpecial education. 615 7$aBlind. 615 7$aPeople with visual disabilities. 676 $a362.4/1/05 712 02$aAssociation for the Education and Welfare of the Visually Handicapped (Great Britain), 906 $aJOURNAL 912 $a9910446746403321 996 $aThe British journal of visual impairment$92289333 997 $aUNINA